Ricostruisci la Carriera del Calciatore - Ismaël Bennacer - Statistics

Statistiche generali
  • Questo quiz è stato fatto 10 volte
  • Il punteggio medio è 4 su 5
Statistiche sulle risposte
Hint Risposta % Corretto
2019- Milan
100%
2014-2015 Arles-Avignon
89%
2017-2019 Empoli
89%
2017 Tours
89%
2015-2017 Arsenal
56%
Nessun quiz corrispondente trovato
Distribuzione punteggi
Percentuale di utenti per punteggio
Percentile per numero di risposta
I tuoi punteggi nel tempo
Non hai fatto questo quiz